Sports Quiz

Random Sports or NBA Quiz

Leading assists for each NBA team over the last decade Quiz Stats

 Plays Quiz not verified by Sporcle

Score 0/300 Timer 14:00
0 Plays Today
Hint Answer % Correct
Boston CelticsKyrie Irving
97.2%
Cleveland CavaliersKyrie Irving
97.2%
Cleveland CavaliersKyrie Irving
97.2%
Cleveland CavaliersKyrie Irving
97.2%
Cleveland CavaliersLeBron James
96.2%
Cleveland CavaliersLeBron James
96.2%
Cleveland CavaliersLeBron James
96.2%
Cleveland CavaliersLeBron James
96.2%
Cleveland CavaliersLeBron James
96.2%
Los Angeles LakersLeBron James
96.2%
Miami HeatLeBron James
96.2%
Miami HeatLeBron James
96.2%
Miami HeatLeBron James
96.2%
Miami HeatLeBron James
96.2%
Charlotte HornetsKemba Walker
95.1%
Charlotte HornetsKemba Walker
95.1%
Charlotte HornetsKemba Walker
95.1%
Charlotte HornetsKemba Walker
95.1%
Charlotte HornetsKemba Walker
95.1%
Charlotte HornetsKemba Walker
95.1%
Golden State WarriorsStephen Curry
94.8%
Golden State WarriorsStephen Curry
94.8%
Golden State WarriorsStephen Curry
94.8%
Golden State WarriorsStephen Curry
94.8%
Boston CelticsRajon Rondo
94.5%
Boston CelticsRajon Rondo
94.5%
Boston CelticsRajon Rondo
94.5%
Boston CelticsRajon Rondo
94.5%
Boston CelticsRajon Rondo
94.5%
Chicago BullsRajon Rondo
94.5%
New Orleans PelicansRajon Rondo
94.5%
Sacramento KingsRajon Rondo
94.5%
Houston RocketsJames Harden
93.9%
Houston RocketsJames Harden
93.9%
Houston RocketsJames Harden
93.9%
Houston RocketsJames Harden
93.9%
Houston RocketsJames Harden
93.9%
Los Angeles ClippersChris Paul
93.7%
Los Angeles ClippersChris Paul
93.7%
Los Angeles ClippersChris Paul
93.7%
Los Angeles ClippersChris Paul
93.7%
Los Angeles ClippersChris Paul
93.7%
Los Angeles ClippersChris Paul
93.7%
New Orleans PelicansChris Paul
93.7%
New Orleans PelicansChris Paul
93.7%
Oklahoma City ThunderRussell Westbrook
93.5%
Oklahoma City ThunderRussell Westbrook
93.5%
Oklahoma City ThunderRussell Westbrook
93.5%
Oklahoma City ThunderRussell Westbrook
93.5%
Oklahoma City ThunderRussell Westbrook
93.5%
Oklahoma City ThunderRussell Westbrook
93.5%
Oklahoma City ThunderRussell Westbrook
93.5%
Oklahoma City ThunderRussell Westbrook
93.5%
Oklahoma City ThunderRussell Westbrook
93.5%
Indiana PacersDavid West
93.1%
Golden State WarriorsKevin Durant
93%
Oklahoma City ThunderKevin Durant
93%
Chicago BullsDerrick Rose
92.4%
Chicago BullsDerrick Rose
92.4%
Chicago BullsDerrick Rose
92.4%
Washington WizardsJohn Wall
92.4%
Washington WizardsJohn Wall
92.4%
Washington WizardsJohn Wall
92.4%
Washington WizardsJohn Wall
92.4%
Washington WizardsJohn Wall
92.4%
Washington WizardsJohn Wall
92.4%
Washington WizardsJohn Wall
92.4%
Washington WizardsJohn Wall
92.4%
Brooklyn NetsD'Angelo Russell
92.2%
Los Angeles LakersD'Angelo Russell
92.2%
Los Angeles LakersD'Angelo Russell
92.2%
Portland Trail BlazersDamian Lillard
91.7%
Portland Trail BlazersDamian Lillard
91.7%
Portland Trail BlazersDamian Lillard
91.7%
Portland Trail BlazersDamian Lillard
91.7%
Portland Trail BlazersDamian Lillard
91.7%
Portland Trail BlazersDamian Lillard
91.7%
Portland Trail BlazersDamian Lillard
91.7%
Golden State WarriorsDraymond Green
91.6%
Golden State WarriorsDraymond Green
91.6%
Golden State WarriorsDraymond Green
91.6%
Memphis GrizzliesMike Conley
91.5%
Memphis GrizzliesMike Conley
91.5%
Memphis GrizzliesMike Conley
91.5%
Memphis GrizzliesMike Conley
91.5%
Memphis GrizzliesMike Conley
91.5%
Memphis GrizzliesMike Conley
91.5%
Memphis GrizzliesMike Conley
91.5%
Memphis GrizzliesMike Conley
91.5%
Memphis GrizzliesMike Conley
91.5%
Houston RocketsKyle Lowry
91.2%
Toronto RaptorsKyle Lowry
91.2%
Toronto RaptorsKyle Lowry
91.2%
Toronto RaptorsKyle Lowry
91.2%
Toronto RaptorsKyle Lowry
91.2%
Toronto RaptorsKyle Lowry
91.2%
Toronto RaptorsKyle Lowry
91.2%
Toronto RaptorsKyle Lowry
91.2%
Atlanta HawksTrae Young
91.1%
Miami HeatDwyane Wade
90.7%
Hint Answer % Correct
Miami HeatDwyane Wade
90.7%
San Antonio SpursTony Parker
90.6%
San Antonio SpursTony Parker
90.6%
San Antonio SpursTony Parker
90.6%
San Antonio SpursTony Parker
90.6%
San Antonio SpursTony Parker
90.6%
San Antonio SpursTony Parker
90.6%
San Antonio SpursTony Parker
90.6%
Boston CelticsIsaiah Thomas
89.9%
Boston CelticsIsaiah Thomas
89.9%
Sacramento KingsIsaiah Thomas
89.9%
Sacramento KingsIsaiah Thomas
89.9%
Philadelphia 76ersBen Simmons
89.6%
Philadelphia 76ersBen Simmons
89.6%
Brooklyn NetsDeron Williams
89.4%
Brooklyn NetsDeron Williams
89.4%
Brooklyn NetsDeron Williams
89.4%
Brooklyn NetsDeron Williams
89.4%
Dallas MavericksDeron Williams
89.4%
Dallas MavericksDeron Williams
89.4%
Utah JazzDeron Williams
89.4%
Utah JazzDeron Williams
89.4%
Los Angeles ClippersLou Williams
89.3%
Los Angeles ClippersLou Williams
89.3%
Atlanta HawksJeff Teague
89%
Atlanta HawksJeff Teague
89%
Atlanta HawksJeff Teague
89%
Atlanta HawksJeff Teague
89%
Atlanta HawksJeff Teague
89%
Indiana PacersJeff Teague
89%
Minnesota TimberwolvesJeff Teague
89%
Minnesota TimberwolvesJeff Teague
89%
Los Angeles LakersKobe Bryant
87.9%
Los Angeles LakersKobe Bryant
87.9%
Los Angeles LakersKobe Bryant
87.9%
Los Angeles LakersKobe Bryant
87.9%
Minnesota TimberwolvesRicky Rubio
87.6%
Minnesota TimberwolvesRicky Rubio
87.6%
Minnesota TimberwolvesRicky Rubio
87.6%
Minnesota TimberwolvesRicky Rubio
87.6%
Minnesota TimberwolvesRicky Rubio
87.6%
Utah JazzRicky Rubio
87.6%
Washington WizardsBradley Beal
86.8%
Milwaukee BucksEric Bledsoe
86.6%
Phoenix SunsEric Bledsoe
86.6%
Phoenix SunsEric Bledsoe
86.6%
Milwaukee BucksGiannis Antetokounmpo|Eric Bledsoe
86.4%
Denver NuggetsNikola Jokic
86.1%
Denver NuggetsNikola Jokic
86.1%
Houston RocketsJames Harden
83.1%
New Orleans PelicansJrue Holiday
82.9%
New Orleans PelicansJrue Holiday
82.9%
New Orleans PelicansJrue Holiday
82.9%
Philadelphia 76ersJrue Holiday
82.9%
Philadelphia 76ersJrue Holiday
82.9%
New York KnicksJarrett Jack
82.8%
Toronto RaptorsJarrett Jack
82.8%
Dallas MavericksJason Kidd
82.7%
Dallas MavericksJason Kidd
82.7%
Dallas MavericksJason Kidd
82.7%
Phoenix SunsDevin Booker
82.6%
Detroit PistonsReggie Jackson
81.7%
Houston RocketsGoran Dragic
81.2%
Miami HeatGoran Dragic
81.2%
Miami HeatGoran Dragic
81.2%
Miami HeatGoran Dragic
81.2%
Phoenix SunsGoran Dragic
81.2%
Phoenix SunsGoran Dragic
81.2%
Sacramento KingsDe'Aaron Fox
80.9%
Sacramento KingsDe'Aaron Fox
80.9%
Phoenix SunsSteve Nash
79%
Phoenix SunsSteve Nash
79%
Phoenix SunsSteve Nash
79%
Detroit PistonsIsh Smith
78.4%
Detroit PistonsIsh Smith
78.4%
Dallas MavericksLuka Doncic
77.9%
Chicago BullsZach LaVine
77.8%
Minnesota TimberwolvesZach LaVine
77.8%
Milwaukee BucksGiannis Antetokounmpo
77.5%
Milwaukee BucksGiannis Antetokounmpo
77.5%
San Antonio SpursDeMar DeRozan
77.3%
Cleveland CavaliersCollin Sexton
75%
Dallas MavericksMonta Ellis
74.1%
Dallas MavericksMonta Ellis
74.1%
Golden State WarriorsMonta Ellis
74.1%
Indiana PacersMonta Ellis
74.1%
Detroit PistonsBlake Griffin
74.1%
Los Angeles ClippersBlake Griffin
74.1%
Memphis GrizzliesMarc Gasol
73.4%
San Antonio SpursPau Gasol
73.4%
Atlanta HawksDennis Schroder
72.8%
Atlanta HawksDennis Schroder
72.8%
Los Angeles LakersLonzo Ball
72.7%
New York KnicksCarmelo Anthony
71.9%
Charlotte HornetsD.J. Augustin
71.9%
Charlotte HornetsD.J. Augustin
71.9%
Orlando MagicD.J. Augustin
71.9%
Orlando MagicD.J. Augustin
71.9%
Dallas MavericksDarren Collison
70%
Indiana PacersDarren Collison
70%
Hint Answer % Correct
Indiana PacersDarren Collison
70%
Indiana PacersDarren Collison
70%
Indiana PacersDarren Collison
70%
Sacramento KingsDarren Collison
70%
Los Angeles ClippersBaron Davis
67.8%
Boston CelticsAl Horford
67.7%
Chicago BullsJimmy Butler
64.1%
Atlanta HawksJoe Johnson
63.1%
Atlanta HawksJoe Johnson
63.1%
San Antonio SpursManu Ginobili
61.9%
Brooklyn NetsSpencer Dinwiddie
59.7%
Indiana PacersGeorge Hill
59.3%
Brooklyn NetsDevin Harris
58.8%
Brooklyn NetsDevin Harris
58.8%
Utah JazzDevin Harris
58.8%
Denver NuggetsTy Lawson
58.2%
Denver NuggetsTy Lawson
58.2%
Denver NuggetsTy Lawson
58.2%
Denver NuggetsTy Lawson
58.2%
Sacramento KingsTy Lawson
58.2%
Houston RocketsJeremy Lin
57.1%
Los Angeles LakersJeremy Lin
57.1%
New York KnicksJeremy Lin
57.1%
Denver NuggetsChauncey Billups
56.2%
Detroit PistonsBrandon Jennings
55.3%
Detroit PistonsBrandon Jennings
55.3%
Milwaukee BucksBrandon Jennings
55.3%
Milwaukee BucksBrandon Jennings
55.3%
Milwaukee BucksBrandon Jennings
55.3%
Milwaukee BucksBrandon Jennings
55.3%
New York KnicksBrandon Jennings
55.3%
Denver NuggetsJameer Nelson
54.3%
Orlando MagicJameer Nelson
54.3%
Orlando MagicJameer Nelson
54.3%
Orlando MagicJameer Nelson
54.3%
Orlando MagicJameer Nelson
54.3%
Orlando MagicJameer Nelson
54.3%
Utah JazzJoe Ingles
54%
Orlando MagicElfrid Payton
53.2%
Orlando MagicElfrid Payton
53.2%
Orlando MagicElfrid Payton
53.2%
Utah JazzGordon Hayward
52.5%
Utah JazzGordon Hayward
52.5%
Utah JazzGordon Hayward
52.5%
Miami HeatMario Chalmers
49.8%
Dallas MavericksJ.J. Barea
49.2%
Charlotte HornetsNicolas Batum
48.8%
Denver NuggetsEmmanuel Mudiay
48.8%
New York KnicksEmmanuel Mudiay
48.8%
Washington WizardsGilbert Arenas
47.6%
Detroit PistonsBrandon Knight
45.2%
Detroit PistonsBrandon Knight
45.2%
Milwaukee BucksBrandon Knight
45.2%
Milwaukee BucksBrandon Knight
45.2%
Phoenix SunsBrandon Knight
45.2%
Philadelphia 76ersAndre Iguodala
43.8%
Philadelphia 76ersAndre Iguodala
43.8%
Philadelphia 76ersMichael Carter-Williams
42.3%
Philadelphia 76ersMichael Carter-Williams
42.3%
Chicago BullsJoakim Noah
41.6%
Chicago BullsJoakim Noah
41.6%
New Orleans PelicansTyreke Evans
39.5%
New Orleans PelicansTyreke Evans
39.5%
Sacramento KingsTyreke Evans
39.5%
Sacramento KingsTyreke Evans
39.5%
Toronto RaptorsJose Calderon
37.5%
Toronto RaptorsJose Calderon
37.5%
Charlotte HornetsRaymond Felton
35.2%
New York KnicksRaymond Felton
35.2%
New York KnicksRaymond Felton
35.2%
New York KnicksRaymond Felton
35.2%
Portland Trail BlazersRaymond Felton
35.2%
Indiana PacersLance Stephenson
30.7%
Philadelphia 76ersT.J. McConnell
29.3%
Philadelphia 76ersT.J. McConnell
29.3%
Chicago BullsNate Robinson
29.3%
Golden State WarriorsNate Robinson
29.3%
Denver NuggetsAndre Miller
28.9%
Portland Trail BlazersAndre Miller
28.9%
Portland Trail BlazersAndre Miller
28.9%
Boston CelticsEvan Turner
28%
Houston RocketsAaron Brooks
27.9%
Minnesota TimberwolvesJonny Flynn
25.4%
Utah JazzTrey Burke
20.7%
Detroit PistonsRodney Stuckey
20.6%
Detroit PistonsRodney Stuckey
20.6%
Phoenix SunsTyler Ulis
19.1%
Chicago BullsJerian Grant
13.9%
Cleveland CavaliersRamon Sessions
12.8%
New Orleans PelicansGreivis Vasquez
11.1%
New Orleans PelicansGreivis Vasquez
11.1%
Minnesota TimberwolvesLuke Ridnour
10.6%
Los Angeles LakersKendall Marshall
9.1%
Brooklyn NetsShane Larkin
6.8%
New York KnicksShane Larkin
6.8%
Indiana PacersEarl Watson
6.7%
Utah JazzJamaal Tinsley
5.9%
New York KnicksChris Duhon
5.8%
Sacramento KingsBeno Udrih
5.6%
Brooklyn NetsIsaiah Whitehead
5.4%

You're not logged in!

Compare scores with friends on all Sporcle quizzes.
OR
Log In

Show Comments

Extras

Top Quizzes Today


Score Distribution

Your Account Isn't Verified!

In order to create a playlist on Sporcle, you need to verify the email address you used during registration. Go to your Sporcle Settings to finish the process.

Report this User

Report this user for behavior that violates our Community Guidelines.

Details: